00276 a2200133 4500001000700000020002200007040001100029100003900040240002200079245001700101300000700118362000900125440000800134188396 a978-85-7153-219-9 cMagnum aOliveira, Marcelo Ribeiro Leite de10aCertos nomeslpor10aCertos nomes a360 a2008 1aRHJ